Punavalkoiset liput - Äkkikuolema - Statistics

Yleistilastot
  • Tätä visaa on pelattu 1 462 kertaa
  • Keskiarvotulos 11 / 17
Answers on the Grid
Answers color-coded by a green-red scale on the quiz's grid according to % correct below.
Albania
Argentiina
Bahrain
Dominica
Georgia
Indonesia
Itä-Timor
Itävalta
Japani
Kanada
Kiina
Kreikka
Latvia
Liechtenstein
Luxemburg
Malediivit
Marokko
Monaco
Nepal
Nigeria
Norja
Papua-Uusi-Guinea
Paraguay
Peru
Puola
Qatar
Samoa
Singapore
Sveitsi
Tanska
Tonga
Trinidad ja Tobago
Tunisia
Turkki
Vietnam
Zimbabwe
 
Vastaustilastot
Vastaus % Oikein
Japani
88%
Kanada
84%
Itävalta
79%
Puola
77%
Sveitsi
74%
Tanska
72%
Latvia
71%
Indonesia
70%
Monaco
70%
Georgia
67%
Turkki
65%
Singapore
57%
Peru
55%
Bahrain
53%
Qatar
53%
Tunisia
45%
Tonga
30%
Ehtoja vastaavia visoja ei löytynyt
Tulosjakauma
Jokaisen tuloksen saaneiden osuus
Persentiili vastausten määrän mukaan
Tuloshistoriasi
Et ole pelannut tätä visaa